000 00342nam a22001457a 4500
999 _c529609
_d529609
003 NUST
020 _a007470883X
_qP/B.
038 _awaseem
082 _a339
_bJAC
100 _aMclver, Jackson
_921938
245 _aMacro Economics /
_cJackson Mclver
260 _aNew York :
_bMcGraw Hill,
_c2002.
300 _a670 p. ;
942 _2ddc
_cBK